000 00628nam a2200205Ii 4500
003 JO-AjNU
008 230605s9999||||xx |||||||||||||| ||und||
040 _aJO-AjNU
_bara
_erda
_cJO-AjNU
041 _aara
050 1 4 _aD1305.1991
100 3 _aترحيني، محمد أحمد,
_eauthor
_913016
245 0 0 _aالمؤرخون والتاريخ عند العرب
250 _aط1
264 3 1 _aبيروت: دار الكتب العلمية، 1991
300 _a190ص
336 _atext
_btxt
_2rdacontent
337 _aunmediated
_bn
_2rdamedia
338 _avolume
_bnc
_2rdacarrier
650 4 _aالعرب-تاريخ
_913017
999 _aA3129
_c6697
_d6697